000 00505nam a2200193 a 4500
005 20140412111334.0
008 040616s19uu xx 00 eng d
020 _a0-590-30907-2
050 _aTR(PS E
_bCo81
050 _aER
_bCo81
100 _aFreeman, Don
245 _aCorduroy. /
_cstory and pictures by Don Freeman.
260 _aNew York :
_bScholastic Inc.,
_c1968.
300 _a32 p. ; ill.
650 _aToys--Fiction
650 _aChildren stories
999 _c104998
_d104998